Petit Bac #66 - Métro Lyonnais - Statistiques

Statistiques générales
  • Ce quiz a été pris 1 376 fois
  • Le résultat moyen est 11 sur 14
Statistiques - réponses
1ère Lettre Station de métro % Correct
G Gare d'Oullins / Gare de Vaise / Gare de Vénissieux / Gare Part-Dieu / Garibaldi / Gorge de Loup / Grange Blanche / Gratte-Ciel / Guillotière
95%
B Bellecour / Brotteaux
93%
C Charpennes / Cordeliers / Croix-Paquet / Croix-Rousse / Cuire / Cusset
93%
V Valmy / Vaulx-en-Velin - La Soie / Vieux-Lyon
86%
P Parilly / Perrache / Place Guichard / Place Jean Jaurès
84%
H Hénon / Hôtel de Ville
82%
S Sans-Souci / Saxe Gambetta / Stade de Gerland
80%
M Masséna / Mermoz Pinel / Monplaisir-Lumière
79%
A Ampère
77%
F Flachet / Foch
75%
L Laënnec / Laurent Bonnevay
64%
J Jean Macé
62%
R République
53%
D Debourg
51%
Aucun quiz correspondant
Distribution des résultats
% des personnes avec chaque résultat
Percentile par nombre de réponses
Votre historique - résultats
Vous n’avez pas pris ce quiz